000 00705nam a2200277Ia 4500
005 20260324111828.0
008 008 260324s9999 xx 000 0 eng d
020 _a9781003590330
037 _aEBOOK
040 _aCRL
040 _beng
040 _cCRL
041 _2eng
041 _aeng
084 _qCRL
100 _aJesus Felipe; Neil Foster-McGregor; Önder Nomaler; Bart Verspagen
_91140192
245 0 _aInnovation and Structural Transformation in Asia
260 _bTaylor and Francis
260 _c2025
365 _a
365 _b83.99
856 _uhttp://www.taylorfrancis.com/books/9781003590330
942 _cEBOOK
999 _c1729126
_d1729126